ColorWise. A Data Storyteller's Guide to the Intentional Use of Color.

Salvato in:
Dettagli Bibliografici
Autore principale: Strachnyi, Kate (Autore)
Natura: Sconosciuto
Lingua:inglese
Pubblicazione: Sebastopol, USA: O'Reilly Media, 2022.
Edizione:First Edition.
Soggetti:
Tags: Aggiungi Tag
Nessun Tag, puoi essere il primo ad aggiungerne!!

MARC

LEADER 00000 a2200000 4500
003 CL-VaPUC
005 20230620084916.0
008 230614t2022 ||||| |||| 00| 0 eng d
999 |c 440658  |d 440656 
020 |a 978-1-492-09784-6 
040 |c Pontificia Universidad Católica de Valparaíso 
082 |2 22  |a 001.4226 STR 2022 
100 |a Strachnyi, Kate  |9 881812  |e author 
245 |a ColorWise.  |b A Data Storyteller's Guide to the Intentional Use of Color. 
250 |a First Edition.  
260 |a Sebastopol, USA:   |b O'Reilly Media,   |c 2022. 
300 |a XII, 152 páginas.  
583 |k GC  |c 20230614 
650 0 |9 882494  |a Visualización de datos  |x Gráficos, cuadros, tablas e infografías  |v Uso del color  
650 0 |9 459814  |a Representaciones gráficas   |x Teoría y técnica del color   |v Aspectos psicológicos, históricos y culturales  
942 |2 ddc  |c BK 
952 |0 0  |1 0  |2 ddc  |4 0  |6 001_422600000000000_STR_2022  |7 0  |8 A  |9 590413  |a BIBCUR  |b BIBCUR  |c GEN  |d 2023-06-07  |e 3  |g 29003.14  |i 5657722  |l 4  |o 001.4226 STR 2022  |p 5657722  |r 2025-03-12  |s 2024-12-18  |t 1  |v 29003.14  |w 2023-06-07  |y BK  |k PER